| 000 | 00722cam a2200229 a 4500 | ||
|---|---|---|---|
| 001 | 000009213 | ||
| 005 | 20200929161523.0 | ||
| 008 | 900522s1989 sp 001 f spa | ||
| 020 | _a8476581556 | ||
| 040 |
_aDO-SdBNP _cDLC |
||
| 082 |
_a863.64 _bJ614s |
||
| 100 | 1 |
_aJiménez Lozano, José, _d1930- _923900 |
|
| 245 | 1 | 0 |
_aSara de Ur / _cJosé Jiménez Lozano. |
| 260 |
_aBarcelona : _bAnthropos, Editorial del Hombre, _c1989. |
||
| 300 |
_a125 p. ; _c20 cm. |
||
| 490 | 1 |
_aÁmbitos literarios _v29 _aNarrativa |
|
| 650 | 4 |
_aNovela española _91123 |
|
| 650 | 4 |
_aLiteratura española _ySIGLO XX _93326 |
|
| 830 | 0 |
_aÁmbitos literarios ; _v29 _pNarrativa _921663 |
|
| 910 | _aCatalogación por copia / LC | ||
| 049 | _aBNGR | ||
| 999 |
_c8976 _d8976 |
||